|
|
|
|
| LEADER |
00000nlm0a2200000 4500 |
| 001 |
267247 |
| 005 |
20250415063331.0 |
| 035 |
|
|
|a (RuTPU)RU\TPU\book\290303
|
| 090 |
|
|
|a 267247
|
| 100 |
|
|
|a 20140725d2013 m y0rusy50 ca
|
| 101 |
0 |
|
|a rus
|
| 102 |
|
|
|a RU
|
| 105 |
|
|
|a a j 001zy
|
| 135 |
|
|
|a drcn ---uucaa
|
| 181 |
|
0 |
|a i
|
| 182 |
|
0 |
|a b
|
| 200 |
1 |
|
|a Методы исследования термодинамических расчетов реакции фторирования
|e учебное пособие
|f В. А. Карелин, А. Н. Страшко
|g Национальный исследовательский Томский политехнический университет (ТПУ)
|
| 203 |
|
|
|a Текст
|c электронный
|
| 210 |
|
|
|a Томск
|c Изд-во ТПУ
|d 2013
|
| 300 |
|
|
|a Заглавие с титульного экрана
|
| 333 |
|
|
|a Режим доступа: из корпоративной сети ТПУ
|
| 337 |
|
|
|a Adobe Reader
|
| 606 |
1 |
|
|a Фториды неорганические
|x Термодинамические свойства
|2 stltpush
|3 (RuTPU)RU\TPU\subj\16986
|9 42849
|
| 610 |
1 |
|
|a электронный ресурс
|
| 610 |
1 |
|
|a учебные пособия
|
| 610 |
1 |
|
|a труды учёных ТПУ
|
| 610 |
1 |
|
|a исследования
|
| 610 |
1 |
|
|a реакции
|
| 610 |
1 |
|
|a фторирование
|
| 610 |
1 |
|
|a термодинамические величины
|
| 610 |
1 |
|
|a равновесие
|
| 610 |
1 |
|
|a методы
|
| 610 |
1 |
|
|a константы
|
| 675 |
|
|
|a 546.16(075.8)
|v 3
|
| 700 |
|
1 |
|a Карелин
|b В. А.
|c химик
|c профессор Томского политехнического университета, доктор технических наук
|f 1960-2024
|g Владимир Александрович
|y Томск
|3 (RuTPU)RU\TPU\pers\30229
|9 14609
|
| 701 |
|
1 |
|a Страшко
|b А. Н.
|c химик-технолог
|c ассистент Томского политехнического университета, кандидат технических наук
|f 1984-
|g Александр Николаевич
|3 (RuTPU)RU\TPU\pers\27926
|9 12929
|
| 712 |
0 |
2 |
|a Национальный исследовательский Томский политехнический университет (ТПУ)
|b Физико-технический институт (ФТИ)
|b Кафедра химической технологии редких, рассеянных и радиоактивных элементов (№ 43) (ХТРЭ)
|3 (RuTPU)RU\TPU\col\18733
|
| 801 |
|
1 |
|a RU
|b 63413507
|c 20140725
|
| 801 |
|
2 |
|a RU
|b 63413507
|c 20160804
|g RCR
|
| 856 |
4 |
|
|u http://www.lib.tpu.ru/fulltext2/m/2014/m227.pdf
|
| 942 |
|
|
|c CF
|